<?xml version="1.0" encoding="UTF-8"?><?xml-stylesheet type="text/xsl" href="static/style.xsl"?><OAI-PMH xmlns="http://www.openarchives.org/OAI/2.0/" xmlns:xsi="http://www.w3.org/2001/XMLSchema-instance" xsi:schemaLocation="http://www.openarchives.org/OAI/2.0/ http://www.openarchives.org/OAI/2.0/OAI-PMH.xsd"><responseDate>2026-04-17T14:45:59Z</responseDate><request verb="GetRecord" identifier="oai:www.recercat.cat:2072/419858" metadataPrefix="marc">https://recercat.cat/oai/request</request><GetRecord><record><header><identifier>oai:recercat.cat:2072/419858</identifier><datestamp>2025-04-25T19:59:13Z</datestamp><setSpec>com_2072_98</setSpec><setSpec>col_2072_378196</setSpec></header><metadata><record xmlns="http://www.loc.gov/MARC21/slim" xmlns:dcterms="http://purl.org/dc/terms/" xmlns:xsi="http://www.w3.org/2001/XMLSchema-instance" xmlns:doc="http://www.lyncode.com/xoai" xsi:schemaLocation="http://www.loc.gov/MARC21/slim http://www.loc.gov/standards/marcxml/schema/MARC21slim.xsd">
   <leader>00925njm 22002777a 4500</leader>
   <datafield ind2=" " ind1=" " tag="042">
      <subfield code="a">dc</subfield>
   </datafield>
   <datafield ind2=" " ind1=" " tag="720">
      <subfield code="a">Luque Florido, Alejandra</subfield>
      <subfield code="e">author</subfield>
   </datafield>
   <datafield ind2=" " ind1=" " tag="720">
      <subfield code="a">Universitat Autònoma de Barcelona. Facultat de Traducció i d'Interpretació</subfield>
      <subfield code="e">author</subfield>
   </datafield>
   <datafield ind2=" " ind1=" " tag="260">
      <subfield code="c">2010</subfield>
   </datafield>
   <datafield ind2=" " ind1=" " tag="520">
      <subfield code="a">En el año 1982, la prensa japonesa publicó que el Ministerio de Educación nipón había suavizado en los libros de texto de historia las atrocidades cometidas durante la Guerra del Pacífico mediante el proceso de autorización de los libros realizado por el gobierno. Esta polémica y la publicación del Nuevo Libro de Historia en el año 2001, han sido dos de las controversias que con más fuerza se han debatido y han influenciado las relaciones bilaterales entre la República Popular China y Japón. El presente trabajo de investigación analiza los factores que contribuyeron al surgimiento del debate sobre la interpretación de la historia en Japón y a la posterior expansión internacional de la polémica de los libros de texto.</subfield>
   </datafield>
   <datafield ind2=" " ind1=" " tag="520">
      <subfield code="a">Durant l'any 1982, la premsa japonesa va publicar que el Ministeri d'Educació nipó havia suavitzat en els llibres de text d'història les atrocitats comeses durant la Guerra del Pacífic mitjançant el procés d'autorització dels llibres realitzat pel govern. Aquesta polèmica i la publicació del Nou Llibre d'Història l'any 2001, han estat dues de les controvèrsies que amb més força s'han debatut i han influenciat les relacions bilaterals entre la República Popular Xina i Japó. El present treball d'investigació analitza els factors que van contribuir al sorgiment del debat sobre la interpretació de la història a Japó i a la posterior expansió internacional de la polèmica dels llibres de text.</subfield>
   </datafield>
   <datafield tag="653" ind2=" " ind1=" ">
      <subfield code="a">Xina Relacions exteriors Japó</subfield>
   </datafield>
   <datafield tag="653" ind2=" " ind1=" ">
      <subfield code="a">Japó Relacions exteriors Xina</subfield>
   </datafield>
   <datafield tag="653" ind2=" " ind1=" ">
      <subfield code="a">Llibres de text Japó</subfield>
   </datafield>
   <datafield ind2="0" ind1="0" tag="245">
      <subfield code="a">La polémica de los libros de texto de historia como caso de estudio en las relaciones sino-japonesas</subfield>
   </datafield>
</record></metadata></record></GetRecord></OAI-PMH>